000 00395nam a2200157Ia 4500
008 230524s9999 xx 000 0 und d
082 _bBHA
100 _aChetan Bhagat
245 0 _aFive Point Someone: What not to do at IIT
250 _a1
260 _aNew Delhi
_bRupa Pub
_c2011
300 _a"Xii,256p;"
500 _aQuantity Number: 2
650 _aMiscellaneous
_91877
942 _cBK
999 _c52325
_d52325